Komparácia daňového systému SR a Fínska diplomová práca

Na minha lista:
Detalhes bibliográficos
Autor principal: Janoušek, Tomáš
Autor Corporativo: Národohospodárska fakulta EU. Katedra financií
Outros Autores: Rabatinová, Marcela, 1977-
Formato: Livro
Idioma:eslovaco
Publicado em: Bratislava 2013
Tags: Adicionar Tag
Sem tags, seja o primeiro a adicionar uma tag!

MARC

LEADER 00000nbm a2200000 4500
001 0170570
005 20161109102355.0
041 0 |a slo 
044 |a SK 
245 1 0 |a Komparácia daňového systému SR a Fínska  |b diplomová práca  |c Tomáš Janoušek ; školiteľ: Marcela Rabatinová 
264 1 |a Bratislava  |c 2013 
300 |a 71 s. 
100 1 |a Janoušek, Tomáš 
700 1 |a Rabatinová, Marcela, 1977- 
710 2 |a Národohospodárska fakulta EU. Katedra financií